[Event "RUS-ch Higher League (Women) 71st"]
[Site "Cheboksary"]
[Date "2021.06.29"]
[Round "4"]
[White "Nikolaeva, Nadezhda"]
[Black "Kuznetsova, Marina"]
[Result "0-1"]
[WhiteElo "1839"]
[BlackElo "1964"]
[PlyCount "72"]
[EventDate "2021.06.26"]
[EventType "swiss"]
[EventRounds "9"]
[EventCountry "RUS"]
[SourceTitle "CBM 203 Extra"]
[Source "ChessBase"]
[SourceDate "2021.09.30"]
[SourceVersion "1"]
[SourceVersionDate "2021.09.30"]
[SourceQuality "1"]

1. d4 Nf6 2. c4 e6 3. Nf3 Bb4+ 4. Bd2 a5 5. g3 b6 6. Bg2 Bb7 7. 0-0 0-0 8. Bf4 Be7 9. Nc3 Ne4 10. Qc2 Nxc3 11. Qxc3 d6 12. Rfd1 Nd7 13. Rac1 Qc8 14. a3 a4 15. Qc2 f5 16. h4 Nf6 17. Bg5 Be4 18. Qd2 Ra5 19. Qb4 Qa8 20. Ne1 c5 21. Qd2 Bxg2 22. Bxf6 Bxf6 23. Nxg2 cxd4 24. Nf4 Qe4 25. Qb4 Be7 26. Qxb6 Rc5 27. Qa7 Bxh4 28. Qd7 Re5 29. Nd3 Bxg3 30. fxg3 Qe3+ 31. Nf2 f4 32. g4 Qg3+ 33. Kf1 f3 34. exf3 Qxf3 35. Kg1 Qxf2+ 36. Kh1 Qh4+ 0-1

[Event "RUS-ch Higher League (Women) 71st"]
[Site "Cheboksary"]
[Date "2021.06.27"]
[Round "2"]
[White "Dimitrova, Aleksandra"]
[Black "Nikolaeva, Nadezhda"]
[Result "1-0"]
[WhiteElo "2204"]
[BlackElo "1839"]
[PlyCount "85"]
[EventDate "2021.06.26"]
[EventType "swiss"]
[EventRounds "9"]
[EventCountry "RUS"]
[SourceTitle "CBM 203 Extra"]
[Source "ChessBase"]
[SourceDate "2021.09.30"]
[SourceVersion "1"]
[SourceVersionDate "2021.09.30"]
[SourceQuality "1"]

1. e4 c5 2. Nf3 d6 3. d4 cxd4 4. Nxd4 Nf6 5. Nc3 Nc6 6. Bg5 e6 7. Qd2 Be7 8. 0-0-0 0-0 9. f4 h6 10. Bh4 e5 11. Nf5 Bxf5 12. exf5 exf4 13. Kb1 d5 14. Bxf6 Bxf6 15. Nxd5 Be5 16. Bc4 Qh4 17. Bb3 Rad8 18. g3 Qg5 19. gxf4 Bxf4 20. Qxf4 Rxd5 21. Qxg5 Rxd1+ 22. Rxd1 hxg5 23. Rd7 Rd8 24. Bxf7+ Kf8 25. Rxd8+ Nxd8 26. Bd5 Ke7 27. Kc1 Kd6 28. c4 Ke5 29. Kd2 Kxf5 30. Ke3 g4 31. Kd4 g5 32. b4 Kf6 33. b5 Ne6+ 34. Bxe6 Kxe6 35. c5 a5 36. a4 Ke7 37. Kd5 Kd7 38. b6 g3 39. hxg3 g4 40. c6+ bxc6+ 41. Kc5 Kd8 42. Kxc6 Kc8 43. Kb5 1-0

[Event "RUS-ch Higher League (Women) 71st"]
[Site "Cheboksary"]
[Date "2021.06.26"]
[Round "1"]
[White "Nikolaeva, Nadezhda"]
[Black "Borisova, Ekaterina"]
[Result "0-1"]
[WhiteElo "1839"]
[BlackElo "2304"]
[PlyCount "112"]
[EventDate "2021.06.26"]
[EventType "swiss"]
[EventRounds "9"]
[EventCountry "RUS"]
[SourceTitle "CBM 203 Extra"]
[Source "ChessBase"]
[SourceDate "2021.09.30"]
[SourceVersion "1"]
[SourceVersionDate "2021.09.30"]
[SourceQuality "1"]

1. d4 Nf6 2. c4 e6 3. Nf3 c5 4. d5 exd5 5. cxd5 g6 6. Nc3 Bg7 7. e4 d6 8. Bd3 0-0 9. 0-0 Bg4 10. h3 Bxf3 11. Qxf3 Nbd7 12. Qe2 a6 13. a4 Re8 14. Qc2 Qc7 15. Be3 c4 16. Be2 Nc5 17. f3 Nb3 18. Ra3 Nd7 19. Rd1 Ne5 20. Bf2 Nc5 21. Kh1 Ncd3 22. Be3 f5 23. b3 Rac8 24. Bg1 cxb3 25. Rxb3 fxe4 26. fxe4 Nc5 27. Rbb1 Ned7 28. Bg4 h5 29. Bf3 Ne5 30. Ne2 Nxf3 31. gxf3 Qf7 32. Kg2 Nxe4 33. Qd3 Nc5 34. Bxc5 Rxc5 35. Rbc1 Rxc1 36. Rxc1 Qe7 37. Ng3 Qg5 38. f4 Qxf4 39. Rf1 Qg5 40. h4 Re3 41. hxg5 Rxd3 42. Rb1 Rxd5 43. Rxb7 Rxg5 44. Kh3 Ra5 45. Rb4 d5 46. Ne2 g5 47. Kg3 Be5+ 48. Kh3 d4 49. Nxd4 Bxd4 50. Rxd4 Kf7 51. Kg3 Kf6 52. Rb4 Kf5 53. Kf3 g4+ 54. Kg3 Kg5 55. Rc4 h4+ 56. Kg2 Rd5 0-1

[Event "Kaspersky op U16"]
[Site "Tornelo INT"]
[Date "2021.04.02"]
[Round "8"]
[White "Nikolaeva, Nadezhda"]
[Black "Vaval, Aaditi"]
[Result "1-0"]
[WhiteElo "1921"]
[BlackElo "1844"]
[PlyCount "79"]
[EventDate "2021.04.02"]
[EventType "swiss (blitz)"]
[EventRounds "11"]
[EventCountry "RUS"]
[SourceTitle "CBM 201 Extra"]
[Source "ChessBase"]
[SourceDate "2021.05.31"]
[SourceVersion "1"]
[SourceVersionDate "2021.05.31"]
[SourceQuality "1"]

1. d4 d5 2. c4 e6 3. Nc3 c5 4. cxd5 exd5 5. dxc5 d4 6. Ne4 Bxc5 7. Nxc5 Qa5+ 8. Bd2 Qxc5 9. Rc1 Qf5 10. Qa4+ Nc6 11. Nf3 Bd7 12. Nxd4 Nxd4 13. Qxd4 Nf6 14. e3 0-0 15. Be2 Rfd8 16. Qb4 Bc6 17. f3 a5 18. Qc5 Qg6 19. g3 Nd7 20. Qc2 Qe6 21. 0-0 Nf6 22. e4 h5 23. Bc4 Qe7 24. Be3 Nd7 25. Be2 h4 26. g4 Ne5 27. f4 Ng6 28. Bf3 Rac8 29. Qb1 Re8 30. e5 Bxf3 31. Rxf3 Qd7 32. h3 Qd5 33. Rff1 Nf8 34. Rcd1 Qb5 35. b3 f6 36. Bd4 fxe5 37. Bxe5 Qc5+ 38. Bd4 Qc6 39. Qf5 Re2 40. Rf2 1-0

[Event "Barnaul Kura Memorial"]
[Site "Barnaul"]
[Date "2021.02.28"]
[Round "8"]
[White "Nikolaeva, Nadezhda"]
[Black "Kezin, Roman"]
[Result "0-1"]
[WhiteElo "1864"]
[BlackElo "2457"]
[PlyCount "84"]
[EventDate "2021.02.27"]
[EventType "swiss (rapid)"]
[EventRounds "11"]
[EventCountry "RUS"]
[SourceTitle "CBM 200 Extra"]
[Source "ChessBase"]
[SourceDate "2021.03.31"]
[SourceVersion "1"]
[SourceVersionDate "2021.03.31"]
[SourceQuality "1"]

1. d4 d5 2. c4 e6 3. Nc3 c6 4. Nf3 dxc4 5. a4 Bb4 6. e3 b5 7. axb5 cxb5 8. Bd2 Bxc3 9. Bxc3 a5 10. b3 Bb7 11. bxc4 b4 12. Bd2 Nf6 13. Be2 0-0 14. 0-0 Nbd7 15. Qb3 Qc7 16. h3 Rfb8 17. Rfc1 Bc6 18. Qb2 Qb7 19. Ne1 a4 20. Rcb1 Be4 21. Bd3 b3 22. Ra3 Qc6 23. Rc1 h6 24. f3 Bxd3 25. Nxd3 Nb6 26. c5 Qb5 27. Ne5 Nbd5 28. e4 Ne7 29. Nc4 Nc6 30. Nb6 Ra6 31. Rca1 e5 32. Bc3 Nh5 33. Nd7 exd4 34. Nxb8 dxc3 35. Qxc3 Nxb8 36. Qe5 Nf6 37. Qd4 Nc6 38. Qc3 Nd7 39. Rd1 Nxc5 40. Rc1 Ne6 41. Rd1 Ne5 42. Rd5 Qb6+ 0-1

[Event "Wch FIDE Online U14 Girls Europe qual"]
[Site "Tornelo INT"]
[Date "2020.12.08"]
[Round "4"]
[White "Nikolaeva, Nadezhda"]
[Black "Zvereva, Margarita"]
[Result "1-0"]
[WhiteElo "1846"]
[BlackElo "1859"]
[PlyCount "135"]
[EventDate "2020.12.07"]
[EventType "swiss (rapid)"]
[EventRounds "7"]
[EventCountry "ISS"]
[SourceTitle "EXT 2022"]
[Source "ChessBase"]
[SourceDate "2021.10.06"]
[SourceVersion "1"]
[SourceVersionDate "2021.10.06"]
[SourceQuality "1"]

1. d4 d5 2. c4 e6 3. Nc3 Nf6 4. Bg5 Be7 5. e3 h6 6. Bh4 0-0 7. Nf3 Nbd7 8. Rc1 c5 9. dxc5 dxc4 10. c6 bxc6 11. Bxc4 c5 12. 0-0 Bb7 13. Be2 Nd5 14. Bxe7 Qxe7 15. Qa4 N7b6 16. Qc2 Rac8 17. a3 Rfd8 18. Rfd1 Nxc3 19. Qxc3 Nd5 20. Qb3 Rb8 21. Qa4 a6 22. Qc2 Rbc8 23. Nd2 Nf6 24. Bf3 Bxf3 25. Nxf3 Nd5 26. Qc4 Qb7 27. Rd2 a5 28. h3 Rd7 29. Rdc2 Rdc7 30. Qe4 Qb5 31. Nd2 Nb6 32. Qe5 Na4 33. Nc4 Rc6 34. Qf4 Rf8 35. Ne5 Rcc8 36. Qc4 Rb8 37. b3 Qxc4 38. Rxc4 Nb2 39. Rxc5 Rxb3 40. Rxa5 Nd3 41. Nxd3 Rxd3 42. Ra7 Rb8 43. Rcc7 Rb1+ 44. Kh2 Rbb3 45. Rxf7 Rxa3 46. Rxg7+ Kf8 47. Raf7+ Ke8 48. Rf6 Rd2 49. Kg3 Raa2 50. Rxh6 Rxf2 51. Rh8+ Rf8 52. Rxf8+ Kxf8 53. Rb7 Re2 54. Kf3 Re1 55. g4 Kg8 56. h4 Rh1 57. h5 e5 58. Ke4 Rh3 59. Kxe5 Rxe3+ 60. Kf5 Ra3 61. g5 Ra5+ 62. Kf4 Ra4+ 63. Kf5 Ra5+ 64. Kf6 Ra6+ 65. Ke7 Ra5 66. g6 Rxh5 67. Kf6 Ra5 68. Rb8# 1-0

[Event "Wch FIDE Online U14 Girls Europe qual"]
[Site "Tornelo INT"]
[Date "2020.12.07"]
[Round "2"]
[White "Nadzamova, Viktoria"]
[Black "Nikolaeva, Nadezhda"]
[Result "1-0"]
[WhiteElo "1804"]
[BlackElo "1846"]
[PlyCount "67"]
[EventDate "2020.12.07"]
[EventType "swiss (rapid)"]
[EventRounds "7"]
[EventCountry "ISS"]
[SourceTitle "EXT 2022"]
[Source "ChessBase"]
[SourceDate "2021.10.06"]
[SourceVersion "1"]
[SourceVersionDate "2021.10.06"]
[SourceQuality "1"]

1. e4 c5 2. Nf3 d6 3. Bb5+ Bd7 4. Bxd7+ Qxd7 5. 0-0 Nf6 6. Re1 Nc6 7. c3 e6 8. d4 cxd4 9. cxd4 Be7 10. Nc3 0-0 11. h3 Rac8 12. Be3 a6 13. Rc1 b5 14. d5 Na5 15. b3 e5 16. Nd2 Nb7 17. f4 Nc5 18. Nf3 Ncxe4 19. Nxe4 Nxe4 20. fxe5 Bh4 21. Nxh4 dxe5 22. Qd3 Nd6 23. Bc5 e4 24. Qg3 Rcd8 25. Bxd6 Qxd6 26. Qxd6 Rxd6 27. Nf5 Rd7 28. Rxe4 g6 29. Ne7+ Kg7 30. Rc6 f5 31. Re2 Rf7 32. d6 a5 33. Re5 Rf6 34. Nc8 1-0